Cantons suisses par abréviation - Statistiques

Statistiques générales
  • Ce quiz a été pris 6 839 fois
  • Le résultat moyen est 17 sur 26
Statistiques - réponses
Abréviation Nom complet % Correct
GE Genève
90%
LU Lucerne
89%
ZH Zurich
89%
BE Berne
88%
FR Fribourg
87%
VD Vaud
85%
VS Valais
81%
JU Jura
79%
NE Neuchâtel
74%
UR Uri
71%
GR Grisons
70%
SO Soleure
69%
TI Tessin
68%
ZG Zoug
65%
AG Argovie
63%
BL Bâle-Campagne
62%
SG Saint-Gall
62%
BS Bâle-Ville
60%
OW Obwald
56%
GL Glaris
55%
NW Nidwald
54%
SZ Schwytz
53%
TG Thurgovie
48%
AI Appenzell-Rhodes Intérieures
45%
AR Appenzell-Rhodes Extérieures
43%
SH Schaffhouse
42%
Aucun quiz correspondant
Distribution des résultats
% des personnes avec chaque résultat
Percentile par nombre de réponses
Votre historique - résultats
Vous n’avez pas pris ce quiz